European Countries without Europe Quiz Stats

 Plays Quiz Updated Dec 15, 2017

Challenge
Share
Tweet
Embed
Score 0/6 Timer 02:00
1 Play Today
% Correct
Italy
82.1%
Finland
77.7%
Latvia
72.7%
Malta
67%
Vatican City
57.4%
Albania
55.3%

You're not logged in!

Compare scores with friends on all Sporcle quizzes.
OR
Log In

You Might Also Like...

Show Comments

Extras

Top Quizzes Today


Score Distribution

Your Account Isn't Verified!

In order to create a playlist on Sporcle, you need to verify the email address you used during registration. Go to your Sporcle Settings to finish the process.

Report this User

Report this user for behavior that violates our Community Guidelines.

Details: